[Event "Plzen Calliditas op"]
[Site "Plzen"]
[Date "2023.08.26"]
[Round "9"]
[White "Roubal, Matyas"]
[Black "Wawra, Juergen"]
[Result "1-0"]
[WhiteElo "1856"]
[BlackElo "1970"]
[PlyCount "62"]
[EventDate "2023.08.19"]
[EventType "swiss"]
[EventRounds "9"]
[EventCountry "CZE"]
[SourceTitle "EXT 2024"]
[Source "ChessBase"]
[SourceDate "2023.10.10"]
[SourceVersion "1"]
[SourceVersionDate "2023.10.10"]
[SourceQuality "1"]

1. e4 c6 2. Nc3 d5 3. Nf3 dxe4 4. Nxe4 Nf6 5. Qe2 Nxe4 6. Qxe4 Qd5 7. Qh4 Bf5 8. Bc4 Qd6 9. d3 e6 10. Bf4 Qb4+ 11. Nd2 Qxb2 12. Rb1 Qa3 13. Rxb7 Qc1+ 14. Ke2 Qxh1 15. Qg3 Nd7 16. Nf1 f6 17. Qf3 Rc8 18. Ng3 Qa1 19. Nxf5 exf5 20. Qe3+ Ne5 21. Bf7+ Kd8 22. Qxa7 Bd6 23. d4 Rc7 24. dxe5 fxe5 25. Qb8+ Ke7 26. Rxc7+ Kf6 27. Qxh8 Bxc7 28. Qf8 exf4 29. Bb3+ Kg6 30. Qf7+ Kh6 31. Qxc7 Qd4 1-0

[Event "Plzen Calliditas op"]
[Site "Plzen"]
[Date "2023.08.22"]
[Round "5"]
[White "Wawra, Juergen"]
[Black "Hladun, Bartlomiej"]
[Result "1/2-1/2"]
[WhiteElo "1970"]
[BlackElo "1632"]
[PlyCount "60"]
[EventDate "2023.08.19"]
[EventType "swiss"]
[EventRounds "9"]
[EventCountry "CZE"]
[SourceTitle "EXT 2024"]
[Source "ChessBase"]
[SourceDate "2023.10.10"]
[SourceVersion "1"]
[SourceVersionDate "2023.10.10"]
[SourceQuality "1"]

1. c4 c6 2. Nf3 d5 3. cxd5 cxd5 4. d4 Nf6 5. Nc3 a6 6. e3 b5 7. a3 e6 8. Bd3 Bb7 9. 0-0 Nbd7 10. Ne5 Bd6 11. f4 0-0 12. Bd2 Nb6 13. Rf3 Ne4 14. Be1 f6 15. Ng4 f5 16. Ne5 Nc4 17. Qe2 Rc8 18. Na2 a5 19. Rh3 g6 20. Nc3 Nxc3 21. Bxc3 b4 22. axb4 axb4 23. Be1 Nxe5 24. fxe5 Be7 25. Rf3 Qb6 26. Rf1 Ra8 27. Bd2 b3 28. Rxa8 Rxa8 29. h3 Ra2 30. Bc3 Ba6 1/2-1/2

[Event "Plzen Calliditas op"]
[Site "Plzen"]
[Date "2023.08.21"]
[Round "3"]
[White "Kubat, Miroslav"]
[Black "Wawra, Juergen"]
[Result "0-1"]
[WhiteElo "1922"]
[BlackElo "1970"]
[PlyCount "64"]
[EventDate "2023.08.19"]
[EventType "swiss"]
[EventRounds "9"]
[EventCountry "CZE"]
[SourceTitle "EXT 2024"]
[Source "ChessBase"]
[SourceDate "2023.10.10"]
[SourceVersion "1"]
[SourceVersionDate "2023.10.10"]
[SourceQuality "1"]

1. e4 c5 2. Nc3 Nc6 3. g3 g6 4. Bg2 Bg7 5. d3 d6 6. Nge2 e6 7. 0-0 Nge7 8. Be3 Nd4 9. Qd2 0-0 10. Nd1 Nxe2+ 11. Qxe2 e5 12. f4 exf4 13. gxf4 Rb8 14. a4 b6 15. Bf2 Bb7 16. Bh4 Qe8 17. f5 Nxf5 18. Rxf5 gxf5 19. Nc3 fxe4 20. dxe4 Qe6 21. Rf1 f5 22. exf5 Qxe2 23. Nxe2 Bxg2 24. Kxg2 Rbe8 25. Ng3 Bxb2 26. Nh5 Re2+ 27. Kh3 Be5 28. Be7 Rxh2+ 29. Kg4 Re8 30. f6 Kf7 31. Nf4 Bxf4 32. Kxf4 Rxc2 0-1

[Event "Plzen Calliditas op"]
[Site "Plzen"]
[Date "2023.08.20"]
[Round "2"]
[White "Wawra, Juergen"]
[Black "Kalista, Karel"]
[Result "1-0"]
[WhiteElo "1970"]
[BlackElo "1657"]
[PlyCount "89"]
[EventDate "2023.08.19"]
[EventType "swiss"]
[EventRounds "9"]
[EventCountry "CZE"]
[SourceTitle "EXT 2024"]
[Source "ChessBase"]
[SourceDate "2023.10.10"]
[SourceVersion "1"]
[SourceVersionDate "2023.10.10"]
[SourceQuality "1"]

1. c4 e6 2. Nf3 Nf6 3. e3 d5 4. b3 Be7 5. Bb2 0-0 6. Be2 b6 7. 0-0 Bb7 8. cxd5 exd5 9. d3 Nbd7 10. Nbd2 c6 11. Rc1 Rc8 12. Nd4 g6 13. N4f3 Bd6 14. Rc2 Qe7 15. Qa1 Rfe8 16. Rfc1 Ba3 17. Bxa3 Qxa3 18. d4 Qe7 19. Qb2 Ng4 20. Nf1 Ngf6 21. Bd3 Ne4 22. Re2 f5 23. Ne1 Qh4 24. f3 Nef6 25. f4 Ne4 26. Nf3 Qe7 27. Rec2 Nef6 28. h3 Ne4 29. b4 b5 30. Ne5 Nxe5 31. dxe5 Qd8 32. Bxe4 fxe4 33. Nd2 a5 34. bxa5 Qxa5 35. Nb3 Qb6 36. Nc5 Re7 37. Qb3 Ba8 38. Nxe4 Rd8 39. Nc5 Ra7 40. Qb4 Qa5 41. Qd4 Qb6 42. Rf1 Re7 43. f5 gxf5 44. Rxf5 Rf8 45. Qg4+ 1-0

[Event "Plzen Calliditas op"]
[Site "Plzen"]
[Date "2023.08.19"]
[Round "1"]
[White "Hajek, Jindrich"]
[Black "Wawra, Juergen"]
[Result "0-1"]
[WhiteElo "1517"]
[BlackElo "1970"]
[PlyCount "56"]
[EventDate "2023.08.19"]
[EventType "swiss"]
[EventRounds "9"]
[EventCountry "CZE"]
[SourceTitle "EXT 2024"]
[Source "ChessBase"]
[SourceDate "2023.10.10"]
[SourceVersion "1"]
[SourceVersionDate "2023.10.10"]
[SourceQuality "1"]

1. e4 c5 2. Nf3 e6 3. d4 cxd4 4. Nxd4 a6 5. Nc3 Nc6 6. Be3 Nf6 7. f3 d5 8. Nxc6 bxc6 9. exd5 exd5 10. Bd3 Be6 11. Ne2 Bd6 12. Qd2 0-0 13. h4 Nd7 14. h5 c5 15. c3 Re8 16. Qc2 Nf8 17. Qd2 Qc7 18. Kf2 Bd7 19. g4 Qb6 20. g5 Rxe3 21. Qxe3 Re8 22. Bxh7+ Nxh7 23. Qd2 Nxg5 24. Qxg5 Qxb2 25. Rhe1 Bb5 26. Kg1 Rxe2 27. h6 Rxe1+ 28. Rxe1 Qh2# 0-1

[Event "Bezirksliga Oberbayern 1819"]
[Site "Bayern"]
[Date "2018.12.16"]
[Round "4.1"]
[White "Wawra, Juergen"]
[Black "Frank, Emanuel"]
[Result "1/2-1/2"]
[WhiteElo "2177"]
[BlackElo "2286"]
[PlyCount "118"]
[EventDate "2018.10.21"]
[EventType "team-tourn"]
[EventRounds "9"]
[EventCountry "GER"]
[SourceTitle "EXT 2022"]
[Source "ChessBase"]
[SourceDate "2021.10.06"]
[SourceVersion "1"]
[SourceVersionDate "2021.10.06"]
[SourceQuality "1"]
[WhiteTeam "Germering"]
[BlackTeam "Freilassing"]
[WhiteTeamCountry "GER"]
[BlackTeamCountry "GER"]

1. c4 e6 2. Nf3 d5 3. e3 Nf6 4. b3 Be7 5. Bb2 0-0 6. Be2 b6 7. 0-0 Bb7 8. cxd5 Nxd5 9. d4 Nd7 10. Nbd2 c5 11. Rc1 Rc8 12. a3 cxd4 13. Nxd4 Rxc1 14. Qxc1 Qa8 15. Qa1 N5f6 16. Bf3 Nc5 17. Bxb7 Qxb7 18. Qb1 Qd5 19. b4 Nce4 20. Nxe4 Nxe4 21. Nf3 Rd8 22. Qa1 f6 23. h3 e5 24. Qc1 Kf8 25. Qc2 Nd2 26. Nxd2 Qxd2 27. Qb3 Qd5 28. Qa4 a5 29. bxa5 Qxa5 30. Qb3 b5 31. g3 Qa4 32. Qc3 Ra8 33. Qc6 Qa6 34. Qd5 Rd8 35. Qb3 Qa4 36. Qc3 Ra8 37. Qc6 Qa6 38. Qd5 Rd8 39. Qb3 Qa5 40. Rc1 Qa4 41. Qc3 Rd1+ 42. Rxd1 Qxd1+ 43. Kg2 Qd5+ 44. Kg1 Bc5 45. Qc2 g6 46. e4 Qc4 47. Qxc4 bxc4 48. Kf1 Ke7 49. Ke2 Kd6 50. g4 g5 51. f3 Kc6 52. Kd2 Kb5 53. Kc2 Ka4 54. Kc3 Bd4+ 55. Kc2 h6 56. Bc3 Bc5 57. Bb2 Bd4 58. Bc3 Bc5 59. Bb2 Bd4 1/2-1/2

[Event "Bezirksliga Oberbayern 1819"]
[Site "Bayern"]
[Date "2018.11.25"]
[Round "3.1"]
[White "Hecht, Hans Joachim"]
[Black "Wawra, Juergen"]
[Result "1/2-1/2"]
[WhiteElo "2321"]
[BlackElo "2177"]
[PlyCount "59"]
[EventDate "2018.10.21"]
[EventType "team-tourn"]
[EventRounds "9"]
[EventCountry "GER"]
[SourceTitle "EXT 2022"]
[Source "ChessBase"]
[SourceDate "2021.10.06"]
[SourceVersion "1"]
[SourceVersionDate "2021.10.06"]
[SourceQuality "1"]
[WhiteTeam "Fuerstenfeldbruck TuS"]
[BlackTeam "Germering"]
[WhiteTeamCountry "GER"]
[BlackTeamCountry "GER"]

1. d4 d5 2. c4 e6 3. Nc3 Nf6 4. Bg5 Be7 5. e3 0-0 6. Nf3 c6 7. Qc2 Nbd7 8. Rd1 h6 9. Bh4 Re8 10. Bd3 dxc4 11. Bxc4 Nd5 12. Bg3 Nxc3 13. bxc3 Qa5 14. 0-0 Bf6 15. e4 b5 16. Bd3 Bb7 17. c4 bxc4 18. Bxc4 Rac8 19. Nd2 Be7 20. Rb1 Ba6 21. Bxa6 Qxa6 22. Qc4 Qa5 23. Qc2 c5 24. Nc4 Qa6 25. d5 exd5 26. exd5 Red8 27. Rfd1 Nb6 28. Nxb6 axb6 29. d6 Bf6 30. a4 1/2-1/2

[Event "Regionalliga Sued-Ost 1718"]
[Site "Bayern"]
[Date "2017.11.12"]
[Round "2.2"]
[White "Wawra, Juergen"]
[Black "Hinterreiter, Markus"]
[Result "1/2-1/2"]
[WhiteElo "2152"]
[BlackElo "2074"]
[PlyCount "44"]
[EventDate "2017.10.22"]
[EventType "team-tourn"]
[EventRounds "9"]
[EventCountry "GER"]
[SourceTitle "EXT 2022"]
[Source "ChessBase"]
[SourceDate "2021.10.06"]
[SourceVersion "1"]
[SourceVersionDate "2021.10.06"]
[SourceQuality "1"]
[WhiteTeam "Germering"]
[BlackTeam "Trostberg TSV"]
[WhiteTeamCountry "GER"]
[BlackTeamCountry "GER"]

1. c4 Nf6 2. Nc3 e5 3. g3 d5 4. cxd5 Nxd5 5. Bg2 Nb6 6. Nf3 Nc6 7. 0-0 Be7 8. d3 0-0 9. Be3 Be6 10. a3 Re8 11. Ne4 Nd5 12. Bc5 f6 13. Rc1 Bf7 14. Bxe7 Qxe7 15. Nc5 Nd8 16. Nh4 c6 17. Nf5 Qc7 18. Qa4 Ne7 19. Bh3 Nxf5 20. Bxf5 Ne6 21. Bxe6 Bxe6 22. Nxe6 Rxe6 1/2-1/2

[Event "Regionalliga SO 1617"]
[Site "Bayern"]
[Date "2017.04.30"]
[Round "9.3"]
[White "Wawra, Juergen"]
[Black "Spiess, Martin"]
[Result "1/2-1/2"]
[WhiteElo "2084"]
[BlackElo "2167"]
[PlyCount "64"]
[EventDate "2016.10.16"]
[EventType "team-tourn"]
[EventRounds "9"]
[EventCountry "GER"]
[SourceTitle "EXT 2019"]
[Source "ChessBase"]
[SourceDate "2018.10.10"]
[SourceVersion "1"]
[SourceVersionDate "2018.10.10"]
[SourceQuality "1"]
[WhiteTeam "Germering"]
[BlackTeam "Ingolstadt"]
[WhiteTeamCountry "GER"]
[BlackTeamCountry "GER"]

1. e4 c5 2. Nf3 Nc6 3. d4 cxd4 4. Nxd4 g6 5. Nxc6 bxc6 6. Qd4 f6 7. Bc4 Ba6 8. 0-0 Qb6 9. Qd3 Bxc4 10. Qxc4 Bh6 11. Nd2 e6 12. Qc3 Qc7 13. Re1 Bg7 14. Nf3 Ne7 15. Be3 0-0 16. Qa3 Nc8 17. Rad1 Nb6 18. b3 Rfc8 19. h3 c5 20. c4 a5 21. Qc1 a4 22. Bh6 axb3 23. Bxg7 Kxg7 24. axb3 d6 25. Rd3 Rd8 26. Red1 Rd7 27. Qd2 Rad8 28. Qf4 Qc6 29. h4 d5 30. exd5 exd5 31. cxd5 Rxd5 32. Rxd5 Rxd5 1/2-1/2

[Event "Regionalliga SO 1617"]
[Site "Bayern"]
[Date "2016.10.16"]
[Round "1.4"]
[White "Wawra, Juergen"]
[Black "Thiel, Fabian"]
[Result "1-0"]
[WhiteElo "2084"]
[BlackElo "2028"]
[PlyCount "89"]
[EventDate "2016.10.16"]
[EventType "team-tourn"]
[EventRounds "9"]
[EventCountry "GER"]
[SourceTitle "EXT 2019"]
[Source "ChessBase"]
[SourceDate "2018.10.10"]
[SourceVersion "1"]
[SourceVersionDate "2018.10.10"]
[SourceQuality "1"]
[WhiteTeam "Germering"]
[BlackTeam "Tegernsee"]
[WhiteTeamCountry "GER"]
[BlackTeamCountry "GER"]

1. e4 e5 2. Nf3 Nc6 3. Bb5 a6 4. Ba4 Nf6 5. d3 b5 6. Bb3 Be7 7. 0-0 0-0 8. Re1 d6 9. c3 Na5 10. Bc2 c5 11. Nbd2 Qc7 12. Nf1 Re8 13. Ng3 Be6 14. h3 h6 15. Bd2 Nc6 16. a3 d5 17. exd5 Bxd5 18. Nh4 Bf8 19. Nhf5 Ne7 20. Nxe7+ Rxe7 21. Re3 g6 22. Qf1 c4 23. dxc4 Bxc4 24. Qc1 Bg7 25. Re1 Kh7 26. a4 Rae8 27. axb5 Bxb5 28. b3 Qb7 29. Nf1 Bc6 30. Ne3 Rd7 31. c4 Nh5 32. g3 Qc8 33. Bc3 Rdd8 34. Kh2 f5 35. Qb1 Rf8 36. Ra2 Kh8 37. Rd1 f4 38. Rxd8 fxg3+ 39. fxg3 Qxd8 40. Bxg6 Qg5 41. Ng4 Nxg3 42. Bd2 Qh4 43. Bd3 Ne2 44. Be1 Rf1 45. Bxh4 1-0

[Event "Regionalliga SO 1516"]
[Site "Bayern"]
[Date "2016.01.31"]
[Round "6.3"]
[White "Wawra, Juergen"]
[Black "Vidonyak, Nellya"]
[Result "0-1"]
[WhiteElo "2084"]
[BlackElo "2110"]
[PlyCount "114"]
[EventDate "2015.10.11"]
[EventType "team-tourn"]
[EventRounds "9"]
[EventCountry "GER"]
[SourceTitle "EXT 2018"]
[Source "ChessBase"]
[SourceDate "2017.10.13"]
[SourceVersion "1"]
[SourceVersionDate "2017.10.13"]
[SourceQuality "1"]
[WhiteTeam "Germering"]
[BlackTeam "Tegernsee"]
[WhiteTeamCountry "GER"]
[BlackTeamCountry "GER"]

1. c4 e6 2. Nc3 d5 3. d4 f5 4. Nf3 Nf6 5. Bg5 Be7 6. e3 c6 7. Be2 0-0 8. 0-0 Nbd7 9. Qc2 h6 10. Bf4 Ne4 11. Ne5 Qe8 12. Nxd7 Bxd7 13. Be5 Bf6 14. Bxf6 Rxf6 15. f4 Rc8 16. c5 h5 17. Nxe4 fxe4 18. h4 Qe7 19. g3 Rg6 20. Kh2 Rh6 21. b4 e5 22. Rfe1 exd4 23. exd4 Rf8 24. Bf1 Bg4 25. Qd2 Rhf6 26. Bg2 R6f7 27. Qe3 Qc7 28. Rf1 Bc8 29. Qe2 g6 30. Qe3 a5 31. a3 b6 32. Rg1 bxc5 33. bxc5 Rxf4 34. Rgf1 Rxh4+ 35. Kg1 Rxf1+ 36. Rxf1 Rg4 37. Rf6 Kg7 38. Rd6 h4 39. gxh4 Bf5 40. h5 Qb7 41. Qd2 e3 42. Qxe3 Be4 43. Rxg6+ Bxg6 44. Qe5+ Kh6 45. hxg6 Qb1+ 46. Kh2 Qxg6 47. Qe3+ Rg5 48. Bf3 Qc2+ 49. Kh3 Qh7 50. Bg4 Qe4 51. Qg1 Kg7 52. Kh4 Rg6 53. Kh3 Qd3+ 54. Kh4 a4 55. Qf2 Qe4 56. Qg1 Qf4 57. Kh3 Qh6+ 0-1

[Event "Regionalliga SO 1516"]
[Site "Bayern"]
[Date "2015.11.15"]
[Round "3.3"]
[White "Knechtel, Roland"]
[Black "Wawra, Juergen"]
[Result "1-0"]
[WhiteElo "2225"]
[BlackElo "2084"]
[PlyCount "67"]
[EventDate "2015.10.11"]
[EventType "team-tourn"]
[EventRounds "9"]
[EventCountry "GER"]
[SourceTitle "EXT 2018"]
[Source "ChessBase"]
[SourceDate "2017.10.13"]
[SourceVersion "1"]
[SourceVersionDate "2017.10.13"]
[SourceQuality "1"]
[WhiteTeam "Roehrnbach"]
[BlackTeam "Germering"]
[WhiteTeamCountry "GER"]
[BlackTeamCountry "GER"]

1. d4 d5 2. c4 e6 3. Nc3 Nf6 4. Bg5 Be7 5. e3 0-0 6. Qc2 Nbd7 7. cxd5 exd5 8. Bd3 c6 9. Nf3 Re8 10. 0-0 Ne4 11. Bxe4 Bxg5 12. Bxh7+ Kh8 13. Bf5 Bf6 14. b4 g6 15. Bd3 Nb6 16. b5 Bg4 17. Nd2 Rc8 18. bxc6 bxc6 19. Nb3 Kg7 20. Rfc1 Rh8 21. Ne2 Rh6 22. Ng3 Qh8 23. h3 Bd7 24. Nc5 Bxh3 25. gxh3 Rxh3 26. Bf1 Rh2 27. Nd3 Qh6 28. Ne5 Bxe5 29. dxe5 Rh8 30. Bg2 Nc4 31. Qc3 Rxg2+ 32. Kxg2 Qh3+ 33. Kf3 Rh5 34. Rh1 1-0

[Event "Regionalliga SO 1415"]
[Site "Bayern"]
[Date "2015.04.12"]
[Round "9.6"]
[White "Wawra, Juergen"]
[Black "Loew, Peter"]
[Result "1/2-1/2"]
[WhiteElo "2084"]
[BlackElo "1969"]
[PlyCount "34"]
[EventDate "2014.10.19"]
[EventType "team-tourn"]
[EventRounds "9"]
[EventCountry "GER"]
[SourceTitle "EXT 2018"]
[Source "ChessBase"]
[SourceDate "2017.10.13"]
[SourceVersion "1"]
[SourceVersionDate "2017.10.13"]
[SourceQuality "1"]
[WhiteTeam "Germering"]
[BlackTeam "Waldkraiburg"]
[WhiteTeamCountry "GER"]
[BlackTeamCountry "GER"]

1. c4 g6 2. g3 Bg7 3. Bg2 e5 4. Nc3 d6 5. d3 Nf6 6. Nf3 0-0 7. 0-0 Nh5 8. e4 c6 9. Bg5 Bf6 10. Be3 Na6 11. Qd2 Bg7 12. d4 Qe7 13. dxe5 dxe5 14. Rfd1 Be6 15. b3 Rad8 16. Qb2 b6 17. h3 Bc8 1/2-1/2

[Event "Landesliga Sued 1213"]
[Site "Bayern"]
[Date "2012.11.25"]
[Round "3.4"]
[White "Sailer, Wolfgang"]
[Black "Wawra, Juergen"]
[Result "1-0"]
[WhiteElo "2082"]
[BlackElo "2074"]
[PlyCount "109"]
[EventDate "2012.10.14"]
[EventType "team-tourn"]
[EventRounds "9"]
[EventCountry "GER"]
[SourceTitle "EXT 2015"]
[Source "ChessBase"]
[SourceDate "2014.11.20"]
[SourceVersion "1"]
[SourceVersionDate "2014.11.20"]
[SourceQuality "1"]
[WhiteTeam "Ingolstadt"]
[BlackTeam "Germering"]
[WhiteTeamCountry "GER"]
[BlackTeamCountry "GER"]

1. d4 Nf6 2. c4 e6 3. g3 d5 4. Bg2 Be7 5. Nf3 0-0 6. 0-0 Nbd7 7. Qc2 c6 8. Nbd2 Re8 9. Rd1 Bd6 10. e4 dxe4 11. Nxe4 Nxe4 12. Qxe4 Nf6 13. Qc2 Qe7 14. b3 c5 15. dxc5 Bxc5 16. Ne5 a5 17. Bb2 Ra6 18. Nd3 Ba3 19. Bd4 Rd8 20. Bc5 Bxc5 21. Nxc5 Rad6 22. Rxd6 Rxd6 23. Ne4 Nxe4 24. Bxe4 f5 25. c5 Rd4 26. Bf3 Qd8 27. Rd1 Rxd1+ 28. Qxd1 Qxd1+ 29. Bxd1 e5 30. a3 Be6 31. b4 axb4 32. axb4 Kf7 33. f4 e4 34. Kf2 Bd5 35. Ke3 Bc4 36. Kd4 Bb5 37. Bb3+ Ke7 38. Bd5 Bc6 39. Bc4 Ba4 40. b5 Kd8 41. g4 fxg4 42. Kxe4 g6 43. Ke5 h5 44. Kf6 Bc2 45. Bd5 Kc7 46. b6+ Kc8 47. Be6+ Kd8 48. f5 gxf5 49. Bxf5 Bd1 50. Kg5 Bf3 51. Bg6 g3 52. hxg3 Kd7 53. Bxh5 Bd5 54. Kf4 Kc6 55. Bf3 1-0

[Event "Regionalliga SO 1112"]
[Site "Bayern"]
[Date "2012.04.15"]
[Round "9.3"]
[White "Wawra, Juergen"]
[Black "Kern, Johannes"]
[Result "1/2-1/2"]
[WhiteElo "2130"]
[BlackElo "2177"]
[PlyCount "46"]
[EventDate "2011.10.02"]
[EventType "team-tourn"]
[EventRounds "9"]
[EventCountry "GER"]
[SourceTitle "EXT 2015"]
[Source "ChessBase"]
[SourceDate "2014.11.20"]
[SourceVersion "1"]
[SourceVersionDate "2014.11.20"]
[SourceQuality "1"]
[WhiteTeam "Unterpfaffenhofen"]
[BlackTeam "Trostberg"]
[WhiteTeamCountry "GER"]
[BlackTeamCountry "GER"]

1. c4 f5 2. d4 Nf6 3. Nc3 e6 4. g3 Bb4 5. Bg2 0-0 6. Qc2 d6 7. a3 Bxc3+ 8. Qxc3 a5 9. Bg5 h6 10. Bxf6 Qxf6 11. e3 Nc6 12. Ne2 e5 13. 0-0 Bd7 14. Rad1 Be8 15. f4 Bh5 16. Bf3 Bxf3 17. Rxf3 exd4 18. exd4 Rfe8 19. Kf2 Re7 20. Rdd3 Rae8 21. Rde3 Kf7 22. Rxe7+ Rxe7 23. Re3 Rxe3 1/2-1/2

[Event "Regionalliga SO 1112"]
[Site "Bayern"]
[Date "2012.01.15"]
[Round "5.4"]
[White "Wawra, Juergen"]
[Black "Bielmeier, Ludwig"]
[Result "0-1"]
[WhiteElo "2130"]
[BlackElo "1974"]
[PlyCount "75"]
[EventDate "2011.10.02"]
[EventType "team-tourn"]
[EventRounds "9"]
[EventCountry "GER"]
[SourceTitle "EXT 2013"]
[Source "ChessBase"]
[SourceDate "2012.11.22"]
[SourceVersion "1"]
[SourceVersionDate "2012.11.22"]
[SourceQuality "1"]
[WhiteTeam "Unterpfaffenhofen"]
[BlackTeam "Deggendorf"]
[WhiteTeamCountry "GER"]
[BlackTeamCountry "GER"]

1. c4 Nf6 2. Nc3 d6 3. d4 c6 4. e4 e5 5. Nf3 Nbd7 6. Bd3 Be7 7. 0-0 0-0 8. b3 Re8 9. Bb2 Bf8 10. Qc2 Qc7 11. Rad1 a6 12. h3 exd4 13. Nxd4 Nc5 14. Rfe1 Nxd3 15. Qxd3 Nd7 16. Qg3 a5 17. Nf5 Ne5 18. Re2 Re6 19. Qe3 b6 20. Red2 Nd7 21. Ne2 Nc5 22. f3 Rg6 23. Ned4 Bxf5 24. Nxf5 Re8 25. Qf4 Nb7 26. h4 h5 27. Ba3 Ree6 28. Bb2 Qb8 29. g4 Qe8 30. Rg2 hxg4 31. h5 gxf3 32. hxg6 fxg2 33. gxf7+ Qxf7 34. Rd2 d5 35. Rxg2 Bc5+ 36. Kf1 dxe4 37. Nh6+ Rxh6 38. Qxf7+ 0-1

[Event "Regionalliga SO 1011"]
[Site "Bayern"]
[Date "2011.03.20"]
[Round "8.4"]
[White "Wawra, Juergen"]
[Black "Goetz, Andreas2222"]
[Result "1-0"]
[WhiteElo "2125"]
[BlackElo "2007"]
[PlyCount "95"]
[EventDate "2010.10.10"]
[EventType "team-tourn"]
[EventRounds "9"]
[EventCountry "GER"]
[SourceTitle "EXT 2012"]
[Source "ChessBase"]
[SourceDate "2011.11.24"]
[SourceVersion "1"]
[SourceVersionDate "2011.11.24"]
[SourceQuality "1"]
[WhiteTeam "Unterpfaff Germering"]
[BlackTeam "Ingolstadt II"]
[WhiteTeamCountry "GER"]
[BlackTeamCountry "GER"]

1. c4 e6 2. Nf3 d5 3. e3 Nf6 4. b3 dxc4 5. bxc4 Be7 6. Be2 0-0 7. 0-0 c5 8. Bb2 Nc6 9. d3 Qc7 10. Nbd2 Rd8 11. a3 e5 12. Qc2 Bf5 13. Nh4 Be6 14. Rfd1 Rd7 15. Nf1 Rad8 16. Ng3 g6 17. Nf3 Ne8 18. Ne4 h6 19. Bc3 f5 20. Ng3 Bf6 21. Rab1 h5 22. h3 h4 23. Nf1 g5 24. N3h2 Rg7 25. Bf3 g4 26. hxg4 fxg4 27. Be4 Nd6 28. Bd5 Bf7 29. Qe2 Qd7 30. g3 Ne7 31. e4 Nxd5 32. cxd5 Nb5 33. Rxb5 Qxb5 34. Nxg4 Qa6 35. Bxe5 Bxe5 36. Nxe5 Be8 37. Kg2 Qh6 38. Ne3 Bh5 39. N5g4 Qg6 40. f3 hxg3 41. Rh1 Bxg4 42. Nxg4 Rh7 43. Rxh7 Kxh7 44. e5 Kg7 45. e6 Qh5 46. Qb2+ Kf8 47. Qf6+ Ke8 48. Qg7 1-0

[Event "Regionalliga SO 0910"]
[Site "Bayern"]
[Date "2010.04.11"]
[Round "9.4"]
[White "Wawra, Juergen"]
[Black "Wuerdinger, Alexander"]
[Result "1/2-1/2"]
[WhiteElo "2135"]
[BlackElo "2102"]
[PlyCount "113"]
[EventDate "2009.10.18"]
[EventType "team-tourn"]
[EventRounds "9"]
[EventCountry "GER"]
[SourceTitle "EXT 2011"]
[Source "ChessBase"]
[SourceDate "2010.11.26"]
[SourceVersion "1"]
[SourceVersionDate "2010.11.26"]
[SourceQuality "1"]
[WhiteTeam "Unterpfaffenhofen"]
[BlackTeam "Graefelfing"]
[WhiteTeamCountry "GER"]
[BlackTeamCountry "GER"]

1. c4 e5 2. Nc3 Nc6 3. g3 f5 4. d3 Nf6 5. Bg2 Bb4 6. a3 Bxc3+ 7. bxc3 0-0 8. c5 Kh8 9. e3 d5 10. cxd6 cxd6 11. Ne2 g5 12. h4 g4 13. 0-0 Be6 14. Rb1 Qc7 15. c4 d5 16. cxd5 Bxd5 17. Bxd5 Nxd5 18. Qb3 Nb6 19. Bb2 Qf7 20. Qb5 Qd5 21. a4 Rae8 22. Rfc1 Qxb5 23. axb5 Nd8 24. Rc7 Rf7 25. Rbc1 Kg8 26. Rxf7 Nxf7 27. Ba3 Rc8 28. Bc5 Nd7 29. Ba3 Rxc1+ 30. Nxc1 Nd8 31. Nb3 Kf7 32. Kf1 Ke6 33. e4 b6 34. Ke2 Nb7 35. exf5+ Kxf5 36. Nd2 Ndc5 37. Nc4 h5 38. Ke3 Nb3 39. Bb2 N3a5 40. Nxe5 Nd6 41. Nc6 Nxb5 42. Ne7+ Ke6 43. Ng6 Nb3 44. Nf4+ Kf5 45. Nxh5 a5 46. Nf4 a4 47. Nd5 a3 48. Bxa3 Nxa3 49. Nxb6 Nc2+ 50. Ke2 Ncd4+ 51. Kd1 Na1 52. Nc4 Nac2 53. Kd2 Ke6 54. Kc3 Kf5 55. Kd2 Ke6 56. Kc3 Kf5 57. Kd2 1/2-1/2

[Event "Regionalliga SO 0910"]
[Site "Bayern"]
[Date "2010.03.21"]
[Round "8.4"]
[White "Niedermeier, Thomas"]
[Black "Wawra, Juergen"]
[Result "0-1"]
[WhiteElo "2082"]
[BlackElo "2135"]
[PlyCount "80"]
[EventDate "2009.10.18"]
[EventType "team-tourn"]
[EventRounds "9"]
[EventCountry "GER"]
[SourceTitle "EXT 2011"]
[Source "ChessBase"]
[SourceDate "2010.11.26"]
[SourceVersion "1"]
[SourceVersionDate "2010.11.26"]
[SourceQuality "1"]
[WhiteTeam "Ilmmuenster"]
[BlackTeam "Unterpfaffenhofen"]
[WhiteTeamCountry "GER"]
[BlackTeamCountry "GER"]

1. e4 c5 2. Nf3 e6 3. d4 cxd4 4. Nxd4 a6 5. Bd3 Nc6 6. Nxc6 bxc6 7. 0-0 d5 8. c4 Nf6 9. Qe2 Be7 10. Nd2 Bb7 11. b3 d4 12. f4 Nd7 13. e5 g6 14. Ne4 Nc5 15. Nxc5 Bxc5 16. b4 Be7 17. Rb1 0-0 18. Be4 Qc7 19. c5 a5 20. a3 axb4 21. axb4 Ba6 22. Bd3 Qb7 23. Bxa6 Rxa6 24. Bb2 Ra4 25. Bxd4 Rxb4 26. Qc2 Rb8 27. Rxb4 Qxb4 28. Be3 Rb5 29. Rc1 Qa3 30. Bd4 Rb3 31. Kh1 Qb4 32. Rd1 Ra3 33. Kg1 Ra4 34. Be3 Qa5 35. Rc1 Ra3 36. Bf2 Ra2 37. Qd3 Qb4 38. Qd4 Qb5 39. Qe4 Qb2 40. Rf1 Qxf2+ 0-1

[Event "Regionalliga SO 0910"]
[Site "Bayern"]
[Date "2010.01.24"]
[Round "5.4"]
[White "Kiener, Georg"]
[Black "Wawra, Juergen"]
[Result "0-1"]
[WhiteElo "2039"]
[BlackElo "2135"]
[PlyCount "74"]
[EventDate "2009.10.18"]
[EventType "team-tourn"]
[EventRounds "9"]
[EventCountry "GER"]
[SourceTitle "EXT 2011"]
[Source "ChessBase"]
[SourceDate "2010.11.26"]
[SourceVersion "1"]
[SourceVersionDate "2010.11.26"]
[SourceQuality "1"]
[WhiteTeam "Pang/Rosenheim II"]
[BlackTeam "Unterpfaffenhofen"]
[WhiteTeamCountry "GER"]
[BlackTeamCountry "GER"]

1. e4 c5 2. Nf3 Nc6 3. Bb5 a6 4. Bxc6 bxc6 5. h3 d6 6. 0-0 e5 7. c3 Qc7 8. d4 cxd4 9. cxd4 Be7 10. Re1 Nf6 11. b3 0-0 12. Bb2 Nd7 13. Nbd2 exd4 14. Bxd4 Ne5 15. Qc2 Be6 16. Rac1 Rfc8 17. Qb2 Nd3 18. Qc3 Nxe1 19. Rxe1 Bf8 20. Ng5 Qe7 21. Qg3 h6 22. Nxe6 fxe6 23. Nf3 Qf7 24. Nh4 Be7 25. f4 Bxh4 26. Qxh4 Rf8 27. Qg4 c5 28. Bc3 Ra7 29. Rf1 d5 30. f5 d4 31. Bd2 Qf6 32. Rf3 Re7 33. Qh5 exf5 34. Rxf5 Qc6 35. Rxc5 Qxe4 36. Ra5 Ref7 37. Bb4 Rf1+ 0-1